000 00373nam a2200133Ia 4500
008 220204s9999 xx 000 0 und d
082 _a633.88
_bPUR
100 _aPURSHOTAM KAUSHIK
245 0 _aIndigenous medicinal plants including microbes and fungi
260 _aDelhi
_bToday & Tomorrow Pub
_c1988
650 _aEthnobotany
650 _aMedicinal plants
942 _cBK
999 _c40098
_d40098